[Event "Col Ch "]
[Site "Ibague "]
[Date "2013.07.05"]
[Round "7.36"]
[White "Beltran, Carlos Armando"]
[Black "Guzman, River"]
[Result "1-0"]
[WhiteElo "2237"]
[BlackElo "1972"]
[PlyCount "91"]
[EventDate "2013.07.01"]
[EventType "swiss"]
[EventRounds "11"]
[EventCountry "COL"]
[SourceDate "2005.09.12"]

1. Nf3 Nf6 2. d4 g6 3. Bg5 Bg7 4. Nbd2 d5 5. e3 O-O 6. Be2 c5 7. c3 Nbd7 8. O-O
b6 9. b4 Bb7 10. Rb1 Qc8 11. bxc5 bxc5 12. Qa4 Re8 13. h3 Nb6 14. Qa3 Nfd7 15.
Bb5 a6 16. Be2 e5 17. Nxe5 Rxe5 18. dxe5 Bxe5 19. Bf3 Kg7 20. Rfd1 Qc7 21. c4
h6 22. Bf4 Bxf4 23. exf4 d4 24. Bxb7 Qxb7 25. Qd3 Re8 26. Rb3 Qc7 27. Ra3 Qxf4
28. Rxa6 Ne5 29. Qe4 Qxe4 30. Nxe4 Nbd7 31. Nd2 g5 32. Ra7 Rb8 33. Rb1 Rxb1+
34. Nxb1 Kf6 35. Nd2 Ke6 36. Ra6+ Ke7 37. a4 h5 38. a5 g4 39. h4 f6 40. Ra8 Kd6
41. Rc8 f5 42. a6 Nc6 43. Rh8 Nf6 44. Rh6 Ke5 45. Kf1 f4 46. Ke2 1-0

[Event "Col Ch "]
[Site "Ibague "]
[Date "2013.07.05"]
[Round "7.37"]
[White "Zapata Arbelaez, Estiven"]
[Black "Ruge, Edison"]
[Result "1-0"]
[WhiteElo "2001"]
[BlackElo "2231"]
[PlyCount "55"]
[EventDate "2013.07.01"]
[EventType "swiss"]
[EventRounds "11"]
[EventCountry "COL"]
[SourceDate "2005.09.12"]

1. d4 Nf6 2. c4 e6 3. Nc3 Bb4 4. Bg5 h6 5. Bh4 c5 6. e3 Qa5 7. Qc2 Ne4 8. Rc1
Nxc3 9. bxc3 Ba3 10. Rb1 cxd4 11. exd4 Bf8 12. Nf3 d6 13. Bd3 a6 14. O-O g5 15.
Bg3 Be7 16. d5 g4 17. Nd4 e5 18. Nf5 Bf8 19. f4 gxf3 20. Rxf3 Nd7 21. Rbf1 Nc5
22. Nh4 Bd7 23. Rxf7 O-O-O 24. Ng6 Ba4 25. Qd2 e4 26. Nxh8 Bg7 27. Rxg7 Rxh8
28. Be2 1-0

[Event "Col Ch "]
[Site "Ibague "]
[Date "2013.07.05"]
[Round "7.39"]
[White "Corpus Vanegas, Jair Samir"]
[Black "Valle, Efrain"]
[Result "0-1"]
[WhiteElo "1881"]
[BlackElo "2229"]
[PlyCount "102"]
[EventDate "2013.07.01"]
[EventType "swiss"]
[EventRounds "11"]
[EventCountry "COL"]
[SourceDate "2005.09.12"]

1. e4 Nc6 2. d4 d5 3. e5 Bf5 4. Bb5 Qd7 5. Nf3 a6 6. Ba4 b5 7. Bb3 e6 8. O-O
Na5 9. Nbd2 c5 10. c3 Rc8 11. Bc2 Ne7 12. Nb3 Nb7 13. Be3 Bxc2 14. Qxc2 Nf5 15.
Rad1 b4 16. g4 Nxe3 17. fxe3 bxc3 18. bxc3 cxd4 19. Rxd4 Qc6 20. Ng5 Be7 21.
Nxf7 O-O 22. Rdf4 Qxc3 23. Qxc3 Rxc3 24. Nd4 Nc5 25. Nc6 Re8 26. Nxe7+ Rxe7 27.
Nd6 Nd7 28. R4f3 h6 29. Nf7 d4 30. g5 Rxe3 31. Rxe3 dxe3 32. g6 Nf8 33. Nd8
Nxg6 34. Re1 Rd7 35. Nxe6 Re7 36. Nd4 Rxe5 37. Kg2 Nh4+ 38. Kg3 g5 39. Re2 Re4
40. Nc2 Nf5+ 41. Kg2 Rg4+ 42. Kh3 Rf4 43. Re1 h5 44. Re2 a5 45. a3 Rf1 46. Kg2
Rf4 47. Nxe3 Re4 48. Kf3 Rxe3+ 49. Rxe3 Nxe3 50. Kxe3 Kf7 51. Kd4 Kf6 0-1

[Event "Col Ch "]
[Site "Ibague "]
[Date "2013.07.05"]
[Round "7.40"]
[White "Munoz, Julian Andres"]
[Black "Ospina Ortiz, Oscar Alexander"]
[Result "0-1"]
[WhiteElo "2207"]
[BlackElo "1943"]
[PlyCount "92"]
[EventDate "2013.07.01"]
[EventType "swiss"]
[EventRounds "11"]
[EventCountry "COL"]
[SourceDate "2005.09.12"]

1. d4 d5 2. Nf3 c5 3. e3 cxd4 4. exd4 Nf6 5. Bd3 Bg4 6. O-O Nc6 7. c3 e6 8.
Nbd2 Bd6 9. h3 Bh5 10. Re1 Rc8 11. Be2 O-O 12. Ne5 Bxe2 13. Qxe2 h6 14. Nf1 Ne4
15. f3 Nf6 16. Bf4 Nh5 17. Bd2 Qh4 18. Ng6 Qf6 19. Nxf8 Kxf8 20. g4 Nf4 21.
Bxf4 Bxf4 22. Ne3 Qh4 23. Nf1 Qxh3 24. Qg2 Qh4 25. Qh1 Qf6 26. Qg2 Ne7 27. Ng3
Qg5 28. Nh5 Bc7 29. f4 Bxf4 30. Nxf4 Qxf4 31. Re5 Qf6 32. Rf1 Qg6 33. Rf3 Rc6
34. b3 Ra6 35. Kh2 Ng8 36. g5 Qb1 37. Re2 Qg6 38. Re5 Qb1 39. Rf2 Qd3 40. Rxd5
exd5 41. Qxd5 f6 42. Qd8+ Kf7 43. Qd5+ Re6 44. Qd7+ Ne7 45. d5 Qxd5 46. g6+
Kxg6 0-1

[Event "Col Ch "]
[Site "Ibague "]
[Date "2013.07.05"]
[Round "7.42"]
[White "Suarez, Luis Humberto"]
[Black "Olarte Parra, Jhoan Sebastian"]
[Result "1-0"]
[WhiteElo "2110"]
[BlackElo "1924"]
[PlyCount "71"]
[EventDate "2013.07.01"]
[EventType "swiss"]
[EventRounds "11"]
[EventCountry "COL"]
[SourceDate "2005.09.12"]

1. e4 c5 2. Nf3 d6 3. c3 Nf6 4. Bb5+ Bd7 5. Bxd7+ Qxd7 6. Qe2 e6 7. d4 cxd4 8.
cxd4 Nc6 9. Nc3 Be7 10. O-O O-O 11. e5 dxe5 12. dxe5 Nd5 13. Ne4 Qc7 14. Ng3
Rfd8 15. a3 Rac8 16. Bd2 Qb6 17. Qe4 g6 18. b4 a6 19. h4 Bf8 20. Bg5 Nce7 21.
Rac1 Rc6 22. Rxc6 bxc6 23. Rc1 a5 24. bxa5 Qxa5 25. a4 Ra8 26. Rc4 Nc3 27. Qg4
Ncd5 28. h5 Bg7 29. Ne4 Qc7 30. Nf6+ Bxf6 31. exf6 Nf5 32. hxg6 fxg6 33. Qe4
Re8 34. Ne5 Nd6 35. Qc2 Nxf6 36. Bxf6 1-0

[Event "Col Ch "]
[Site "Ibague "]
[Date "2013.07.05"]
[Round "7.43"]
[White "Posada, Juan Manuel"]
[Black "Aristizabal, Jorge"]
[Result "1-0"]
[WhiteElo "2101"]
[BlackElo "1881"]
[PlyCount "67"]
[EventDate "2013.07.01"]
[EventType "swiss"]
[EventRounds "11"]
[EventCountry "COL"]
[SourceDate "2005.09.12"]

1. e4 c5 2. Nf3 e6 3. d4 cxd4 4. Nxd4 Nf6 5. Nc3 Nc6 6. g3 Bb4 7. Bg2 O-O 8.
O-O h6 9. Nde2 b6 10. h3 Ba6 11. Re1 Bxe2 12. Qxe2 Bxc3 13. bxc3 Qc7 14. e5 Nh7
15. Ba3 Rfe8 16. Rad1 Rac8 17. Rd3 f6 18. f4 fxe5 19. fxe5 Nf8 20. Bd6 Qd8 21.
Red1 Ng6 22. h4 Nge7 23. Be4 Na5 24. Qg4 Rc4 25. Rd4 Rxd4 26. cxd4 Nac6 27. c4
Nf5 28. Bxf5 exf5 29. Qxf5 Na5 30. Rf1 Qc8 31. Qf7+ Kh7 32. Bf8 Rxf8 33. Qxf8
Qxc4 34. Qf5+ 1-0

[Event "Col Ch "]
[Site "Ibague "]
[Date "2013.07.05"]
[Round "7.44"]
[White "Corpus Vanegas, Eugenio Miguel"]
[Black "Gonzalez Parejo, Ramon Junior"]
[Result "0-1"]
[WhiteElo "1848"]
[BlackElo "2094"]
[PlyCount "52"]
[EventDate "2013.07.01"]
[EventType "swiss"]
[EventRounds "11"]
[EventCountry "COL"]
[SourceDate "2005.09.12"]

1. e4 c5 2. Nf3 e6 3. d4 cxd4 4. Nxd4 a6 5. Be3 Qc7 6. Be2 Nf6 7. f3 d5 8. Nd2
Bd6 9. c4 dxe4 10. Nxe4 Nxe4 11. fxe4 Bxh2 12. Qd3 Bg3+ 13. Kd2 Nd7 14. Nf3 Bf4
15. Rh4 Bxe3+ 16. Qxe3 Ne5 17. Rah1 h6 18. Qc3 Nxf3+ 19. gxf3 f6 20. f4 Bd7 21.
Bh5+ Ke7 22. Kc2 Bc6 23. Bg6 Rad8 24. Re1 e5 25. Rhh1 Rd4 26. fxe5 Qxe5 0-1

[Event "Col Ch "]
[Site "Ibague "]
[Date "2013.07.05"]
[Round "7.46"]
[White "Gaviria, Andres Felipe"]
[Black "Salcedo, Pablo Esteban"]
[Result "0-1"]
[WhiteElo "2077"]
[BlackElo "1869"]
[PlyCount "86"]
[EventDate "2013.07.01"]
[EventType "swiss"]
[EventRounds "11"]
[EventCountry "COL"]
[SourceDate "2005.09.12"]

1. e4 c5 2. Nf3 d6 3. d4 Nf6 4. Nc3 cxd4 5. Nxd4 a6 6. f3 e6 7. Bg5 Be7 8. Qd2
h6 9. Be3 Nc6 10. O-O-O Nxd4 11. Bxd4 e5 12. Be3 b5 13. g4 b4 14. Nd5 Nxd5 15.
Qxd5 Be6 16. Qc6+ Bd7 17. Qc4 a5 18. Kb1 Rc8 19. Qd5 Bc6 20. Bb5 Qd7 21. Bxc6
Rxc6 22. h4 Qc7 23. Rd2 O-O 24. g5 Rc8 25. Rhh2 a4 26. gxh6 b3 27. axb3 axb3
28. Qxb3 Bf6 29. Rhg2 Rb8 30. Qd5 Ra6 31. Rd3 Qd7 32. Bg5 Qa4 33. Kc1 Qb4 34.
Rc3 Qxb2+ 35. Kd2 Ra1 36. Kd3 Bxg5 37. hxg5 Qc1 38. Re2 Qd1+ 39. Ke3 Qg1+ 40.
Kd3 Rd1+ 41. Rd2 Qf1+ 42. Ke3 Re1+ 43. Re2 Qxe2# 0-1

[Event "Col Ch "]
[Site "Ibague "]
[Date "2013.07.05"]
[Round "7.48"]
[White "Lopez Idarraga, Daniel Eduardo"]
[Black "Huertas Botache, Alvaro Eduard"]
[Result "1-0"]
[WhiteElo "2053"]
[BlackElo "1833"]
[PlyCount "51"]
[EventDate "2013.07.01"]
[EventType "swiss"]
[EventRounds "11"]
[EventCountry "COL"]
[SourceDate "2005.09.12"]

1. e4 e5 2. Nf3 Nc6 3. Bc4 Nf6 4. Ng5 d5 5. exd5 Na5 6. Bb5+ c6 7. dxc6 bxc6 8.
Be2 h6 9. Nh3 Bc5 10. d3 Qb6 11. O-O Nd5 12. Nc3 Nxc3 13. bxc3 g5 14. d4 exd4
15. cxd4 Bxd4 16. Ba3 c5 17. Rb1 Qc7 18. Bb5+ Nc6 19. c3 Bxc3 20. Qf3 Bb7 21.
Qxc3 O-O 22. Qf6 Nd4 23. Bc4 Qd7 24. Qg6+ Kh8 25. Qxh6+ Kg8 26. Rxb7 1-0

[Event "Col Ch "]
[Site "Ibague "]
[Date "2013.07.05"]
[Round "7.50"]
[White "Trujillo, Luis Angel"]
[Black "Culma, Ruben"]
[Result "0-1"]
[WhiteElo "1682"]
[BlackElo "2029"]
[PlyCount "98"]
[EventDate "2013.07.01"]
[EventType "swiss"]
[EventRounds "11"]
[EventCountry "COL"]
[SourceDate "2005.09.12"]

1. e4 c5 2. Nf3 d6 3. d4 cxd4 4. Nxd4 Nf6 5. Nc3 a6 6. Bc4 e6 7. Be3 Bd7 8. O-O
b5 9. Bd3 Nc6 10. Nf3 Be7 11. a3 O-O 12. Rc1 Rc8 13. Qd2 Qc7 14. Rfd1 Rfd8 15.
Ne2 d5 16. exd5 Nxd5 17. Bg5 Nf6 18. c3 Be8 19. Qc2 h6 20. Bh4 Na5 21. Bg3 Bd6
22. Bh4 g5 23. Bg3 Bc6 24. Bxd6 Rxd6 25. Ned4 Ba8 26. Qe2 Nc4 27. Ne5 Nd5 28.
g3 Nf6 29. Bxc4 bxc4 30. Rc2 Be4 31. Rcd2 Bd5 32. Ng4 Nxg4 33. Qxg4 Rcd8 34.
Qe2 Ba8 35. Qe3 Qe7 36. f3 Qf6 37. f4 g4 38. Qe2 Qg6 39. Nb3 Rd3 40. Nd4 Bf3
41. Nxf3 gxf3 42. Qf2 Rxd2 43. Qxd2 Rxd2 44. Rxd2 Qe4 45. Kf2 a5 46. Rd8+ Kg7
47. Rd2 h5 48. h3 a4 49. Kf1 Qe3 0-1

[Event "Col Ch "]
[Site "Ibague "]
[Date "2013.07.05"]
[Round "7.51"]
[White "Otero, Alvaro Junior"]
[Black "Ribero, Guillermo Andres"]
[Result "1-0"]
[WhiteElo "2018"]
[BlackElo "1761"]
[PlyCount "75"]
[EventDate "2013.07.01"]
[EventType "swiss"]
[EventRounds "11"]
[EventCountry "COL"]
[SourceDate "2005.09.12"]

1. e4 c5 2. Bc4 e6 3. Nc3 a6 4. a4 Nc6 5. Nf3 Nf6 6. d4 cxd4 7. Nxd4 Bc5 8.
Nxc6 bxc6 9. e5 Nd5 10. Qg4 O-O 11. Bh6 g6 12. Bxf8 Kxf8 13. O-O h5 14. Qf3 Rb8
15. Ne4 Be7 16. Nd6 Bxd6 17. exd6 Nf6 18. Rfe1 Bb7 19. a5 c5 20. Qf4 Kg7 21. f3
Bc6 22. b3 Qc8 23. Qe5 Ba8 24. Kf2 h4 25. Re3 h3 26. g4 Qh8 27. g5 Qh4+ 28. Ke2
Bxf3+ 29. Kxf3 Qg4+ 30. Kf2 Qg2+ 31. Ke1 Rh8 32. Qxf6+ Kg8 33. Re2 Qc6 34. Kd2
Rh4 35. Rf1 Rh7 36. Qd8+ Kg7 37. Rxf7+ Kxf7 38. Rf2+ 1-0

[Event "Col Ch "]
[Site "Ibague "]
[Date "2013.07.05"]
[Round "7.52"]
[White "Arias, Juan Diego"]
[Black "Arango Arenas, Juan Camilo"]
[Result "0-1"]
[WhiteElo "2016"]
[BlackElo "1600"]
[PlyCount "72"]
[EventDate "2013.07.01"]
[EventType "swiss"]
[EventRounds "11"]
[EventCountry "COL"]
[SourceDate "2005.09.12"]

1. g3 c5 2. Bg2 Nc6 3. c4 g6 4. Nf3 Bg7 5. O-O Nf6 6. d4 cxd4 7. Nxd4 O-O 8.
Nxc6 bxc6 9. Nc3 Qc7 10. Rb1 d6 11. Nb5 cxb5 12. Bxa8 Bf5 13. Ra1 Rxa8 14. cxb5
Bh3 15. Re1 Qb7 16. f3 Qb6+ 17. e3 Qxb5 18. a4 Qb7 19. Ra3 Be6 20. Kf2 Rc8 21.
e4 Qb6+ 22. Kg2 Nd7 23. Re2 Bd4 24. Qe1 Bc4 25. Rd2 Bc5 26. a5 Qc6 27. Rc3 Bb4
28. Rdc2 Bxc3 29. Rxc3 Ne5 30. Bh6 Qb7 31. Qd2 Be6 32. b4 Rxc3 33. Qxc3 Qc8 34.
Qb2 Bh3+ 35. Kg1 Qc4 36. Qc1 Qe2 0-1

[Event "Col Ch "]
[Site "Ibague "]
[Date "2013.07.05"]
[Round "7.53"]
[White "Sosa Florez, Juan Sebastian"]
[Black "Arango, Andres Mauricio"]
[Result "0-1"]
[WhiteElo "1671"]
[BlackElo "2142"]
[PlyCount "98"]
[EventDate "2013.07.01"]
[EventType "swiss"]
[EventRounds "11"]
[EventCountry "COL"]
[SourceDate "2005.09.12"]

1. d4 d5 2. c4 c6 3. Nc3 Nf6 4. Nf3 e6 5. Bg5 dxc4 6. e4 b5 7. e5 h6 8. Bh4 g5
9. Nxg5 hxg5 10. Bxg5 Nbd7 11. g3 Qb6 12. exf6 Bb7 13. Bg2 c5 14. d5 O-O-O 15.
O-O b4 16. Na4 Qa6 17. a3 Bxd5 18. Bxd5 Ne5 19. Qe2 Rxd5 20. axb4 cxb4 21. Nc3
Qc6 22. Nxd5 Qxd5 23. f3 Nd3 24. Be3 Bc5 25. Rxa7 Bxa7 26. Bxa7 Kb7 27. Bf2 Ra8
28. Rd1 Qe5 29. Qxe5 Nxe5 30. Rd6 Ra6 31. Rd1 Ra2 32. f4 Nd3 33. Bd4 Nxb2 34.
Bxb2 Rxb2 35. Rd7+ Kc8 36. Rxf7 c3 37. Rf8+ Kd7 38. Rc8 Rb1+ 39. Kg2 Kxc8 40.
f7 c2 41. f8=Q+ Kd7 42. Qg7+ Kc6 43. Qe5 c1=Q 44. Qxe6+ Kb7 45. Qd7+ Kb6 46.
Qd4+ Qc5 47. Qd8+ Qc7 48. Qd4+ Kb7 49. Kf2 Qb6 0-1

[Event "Col Ch "]
[Site "Ibague "]
[Date "2013.07.05"]
[Round "7.54"]
[White "Agudelo, Carlos Hernan"]
[Black "Vargas, Eduar Misael"]
[Result "1-0"]
[WhiteElo "2065"]
[BlackElo "1955"]
[PlyCount "88"]
[EventDate "2013.07.01"]
[EventType "swiss"]
[EventRounds "11"]
[EventCountry "COL"]
[SourceDate "2005.09.12"]

1. c3 e5 2. g3 d5 3. Bg2 c5 4. d4 cxd4 5. cxd4 exd4 6. Nf3 Bb4+ 7. Bd2 Bxd2+ 8.
Qxd2 Nf6 9. Nxd4 O-O 10. O-O Nc6 11. Rd1 Be6 12. Nc3 Qd7 13. Rac1 Rfd8 14. e3
h6 15. Nxc6 bxc6 16. Qd4 Rac8 17. Na4 Qc7 18. Nc5 Nd7 19. Rd3 Nxc5 20. Rxc5 Rb8
21. b4 Rb6 22. e4 a6 23. f4 Rdb8 24. a3 dxe4 25. Bxe4 Bg4 26. Qd6 Qc8 27. Rxc6
Rxc6 28. Qxc6 Qxc6 29. Bxc6 g6 30. Kf2 Rb6 31. Rc3 Kg7 32. Ke3 Rb8 33. Kd4 h5
34. h4 Kf6 35. Kc5 Ke7 36. Re3+ Be6 37. Rd3 Bg4 38. a4 Bf5 39. Rd4 Bg4 40. b5
axb5 41. axb5 Bh3 42. b6 Bf1 43. Ra4 Ke6 44. b7 Kf5 1-0

[Event "Col Ch "]
[Site "Ibague "]
[Date "2013.07.05"]
[Round "7.56"]
[White "Conti, Julian"]
[Black "Botello, Gregory Paul"]
[Result "0-1"]
[WhiteElo "2034"]
[BlackElo "1940"]
[PlyCount "76"]
[EventDate "2013.07.01"]
[EventType "swiss"]
[EventRounds "11"]
[EventCountry "COL"]
[SourceDate "2005.09.12"]

1. e4 e5 2. Nf3 Nc6 3. Bb5 a6 4. Ba4 Nf6 5. O-O b5 6. Bb3 Be7 7. Re1 O-O 8. c3
d5 9. exd5 Nxd5 10. Nxe5 Nxe5 11. Rxe5 c6 12. d4 Bd6 13. Re1 Qh4 14. g3 Qh3 15.
Be3 Bg4 16. Qd3 f5 17. Qf1 Qh5 18. f4 Kh8 19. Nd2 Nf6 20. Qg2 Rac8 21. h4 Qg6
22. Bf2 Rfe8 23. a4 b4 24. Nc4 Ne4 25. cxb4 Bxb4 26. Ne5 Rxe5 27. dxe5 c5 28.
Rec1 Be2 29. Bc4 Qg4 30. Kh2 Bf3 31. Qf1 Nd2 32. Qh3 Qh5 33. g4 fxg4 34. Qg3
Ne4 35. Qg1 Bd2 36. Bg3 Rf8 37. Bd3 Bxf4 38. Bxe4 Qxh4# 0-1

[Event "Col Ch "]
[Site "Ibague "]
[Date "2013.07.05"]
[Round "7.57"]
[White "Marin, Alejandro"]
[Black "Rico, Oswaldo"]
[Result "1/2-1/2"]
[WhiteElo "1923"]
[BlackElo "2022"]
[PlyCount "78"]
[EventDate "2013.07.01"]
[EventType "swiss"]
[EventRounds "11"]
[EventCountry "COL"]
[SourceDate "2005.09.12"]

1. e4 e6 2. d4 d5 3. Nc3 dxe4 4. Nxe4 Nd7 5. Nf3 Ngf6 6. Bd3 Be7 7. Nxf6+ Nxf6
8. Ne5 O-O 9. c3 c5 10. Be3 Nd5 11. O-O Nxe3 12. fxe3 cxd4 13. exd4 f5 14. Rf3
Bf6 15. Qe2 Qc7 16. Re1 b6 17. Bc4 Bxe5 18. dxe5 Bd7 19. Rd1 Rae8 20. Rf4 Bc8
21. Rfd4 Kh8 22. h3 f4 23. Rf1 g5 24. h4 Qg7 25. hxg5 Qxg5 26. Qe4 f3 27. Rxf3
Rxf3 28. Qxf3 Qxe5 29. Re4 Qc5+ 30. Kh2 Qc7+ 31. Kh1 Qg7 32. Rg4 Qh6+ 33. Kg1
Rf8 34. Qe2 Qc1+ 35. Kh2 Qh6+ 36. Kg3 Qf6 37. Qe3 Rg8 38. Rxg8+ Kxg8 39. Qf4
Qg6+ 1/2-1/2

[Event "Col Ch "]
[Site "Ibague "]
[Date "2013.07.05"]
[Round "7.58"]
[White "Bejarano, Dany Andres"]
[Black "Melo, Marlon"]
[Result "1/2-1/2"]
[WhiteElo "2020"]
[BlackElo "1914"]
[PlyCount "114"]
[EventDate "2013.07.01"]
[EventType "swiss"]
[EventRounds "11"]
[EventCountry "COL"]
[SourceDate "2005.09.12"]

1. e4 e5 2. Nf3 d6 3. d4 c6 4. Bc4 Nd7 5. O-O Be7 6. Qe2 Ngf6 7. Rd1 Qc7 8. a4
O-O 9. c3 Nb6 10. Bb3 Bg4 11. a5 Nbd7 12. h3 Bh5 13. Nbd2 Rfe8 14. Nf1 Nf8 15.
Ng3 Bg6 16. Nh4 exd4 17. Nxg6 Nxg6 18. cxd4 c5 19. f4 Bf8 20. f5 Ne7 21. Bg5
Nd7 22. Bxf7+ Kxf7 23. Qc4+ d5 24. exd5 b5 25. Qxb5 Nxd5 26. Qc4 Qc6 27. Rac1
Rab8 28. dxc5 Qxc5+ 29. Qxc5 Bxc5+ 30. Rxc5 Nxc5 31. Rxd5 Ne4 32. Rd7+ Kf8 33.
Nxe4 Rxe4 34. f6 gxf6 35. Bxf6 Re6 36. Rxh7 Rb5 37. Bc3 a6 38. h4 Kg8 39. Rh8+
Kf7 40. h5 Rg5 41. Kf2 Re4 42. h6 Reg4 43. Ra8 Rxg2+ 44. Ke3 Rh2 45. Rxa6 Rg6
46. Ra7+ Kg8 47. Rg7+ Rxg7 48. Bxg7 Rh4 49. Kd3 Kf7 50. Kc3 Ke6 51. b4 Kd5 52.
a6 Kc6 53. b5+ Kxb5 54. a7 Rc4+ 55. Kd3 Rc8 56. Ke4 Ka6 57. Kf5 Kxa7 1/2-1/2

[Event "Col Ch "]
[Site "Ibague "]
[Date "2013.07.05"]
[Round "7.60"]
[White "Moreno, Julian David"]
[Black "Torres, Jorge Emilio"]
[Result "0-1"]
[WhiteElo "1869"]
[BlackElo "2000"]
[PlyCount "78"]
[EventDate "2013.07.01"]
[EventType "swiss"]
[EventRounds "11"]
[EventCountry "COL"]
[SourceDate "2005.09.12"]

1. e4 c5 2. Nc3 e6 3. f4 Nc6 4. Bb5 Nd4 5. Bc4 a6 6. a4 f5 7. Nf3 Nf6 8. e5 Ng4
9. d3 Be7 10. h3 Bh4+ 11. Kd2 Nf2 12. Qg1 Nxh1 13. Qxh1 Nxf3+ 14. gxf3 b6 15.
Qg2 g6 16. Ke2 Bb7 17. Be3 d5 18. exd6 Qxd6 19. Rd1 O-O-O 20. Qg1 Rhe8 21. a5
b5 22. Bb3 Bf6 23. Bxc5 Qxf4 24. Rf1 Bd4 25. Bxd4 Rxd4 26. Ne4 Bxe4 27. fxe4
Qd6 28. exf5 exf5+ 29. Kd2 Qe5 30. Qg2 Qe3+ 31. Kd1 Kb8 32. Qf2 Qxf2 33. Rxf2
Re3 34. Re2 Rxe2 35. Kxe2 Rh4 36. Kf3 Rxh3+ 37. Kg2 Rh4 38. Kg3 g5 39. Bg8 h5
0-1

[Event "Col Ch "]
[Site "Ibague "]
[Date "2013.07.05"]
[Round "7.61"]
[White "Valderrama Castano, Julian Cam"]
[Black "Arismendi Polanco, Efrain Stev"]
[Result "1-0"]
[WhiteElo "1978"]
[BlackElo "1805"]
[PlyCount "51"]
[EventDate "2013.07.01"]
[EventType "swiss"]
[EventRounds "11"]
[EventCountry "COL"]
[SourceDate "2005.09.12"]

1. Nc3 Nf6 2. e4 d6 3. g3 g6 4. Bg2 Bg7 5. d3 c5 6. h3 O-O 7. Be3 Nc6 8. Qd2 b5
9. e5 Bd7 10. exf6 Bxf6 11. Nge2 Rb8 12. d4 b4 13. Ne4 c4 14. Nxf6+ exf6 15.
O-O Qc8 16. Kh2 a5 17. c3 Bf5 18. Nf4 Bd7 19. Nd5 Qd8 20. Bh6 Re8 21. Rfe1 Rxe1
22. Rxe1 g5 23. h4 gxh4 24. Qf4 f5 25. gxh4 bxc3 26. Qg3+ 1-0

[Event "Col Ch "]
[Site "Ibague "]
[Date "2013.07.05"]
[Round "7.62"]
[White "Valencia, Dario"]
[Black "Cadavid, Juan Miguel"]
[Result "1/2-1/2"]
[WhiteElo "1958"]
[BlackElo "1862"]
[PlyCount "50"]
[EventDate "2013.07.01"]
[EventType "swiss"]
[EventRounds "11"]
[EventCountry "COL"]
[SourceDate "2005.09.12"]

1. d4 d5 2. c4 c6 3. Nc3 Nf6 4. e3 e6 5. Nf3 Nbd7 6. Bd3 dxc4 7. Bxc4 b5 8. Bd3
Bb7 9. O-O a6 10. b3 c5 11. Bb2 Be7 12. Rc1 O-O 13. Ne5 Rc8 14. Qe2 cxd4 15.
exd4 Nb6 16. Ne4 Nxe4 17. Rxc8 Qxc8 18. Bxe4 Bxe4 19. Qxe4 Nd5 20. Rc1 Qb7 21.
Qc2 h6 22. Nd3 a5 23. Qc6 Qxc6 24. Rxc6 Nb4 25. Nxb4 Bxb4 1/2-1/2

[Event "Col Ch "]
[Site "Ibague "]
[Date "2013.07.05"]
[Round "7.63"]
[White "Otero Fajardo, Alvaro Antonio"]
[Black "Guerrero Forero, Ricardo Alon"]
[Result "1-0"]
[WhiteElo "1794"]
[BlackElo "2208"]
[PlyCount "75"]
[EventDate "2013.07.01"]
[EventType "swiss"]
[EventRounds "11"]
[EventCountry "COL"]
[SourceDate "2005.09.12"]

1. d4 c5 2. Nf3 cxd4 3. Nxd4 e5 4. Nb3 Nf6 5. Nc3 d5 6. e3 Nc6 7. Be2 a6 8. a4
b6 9. O-O Bb7 10. f4 Be7 11. fxe5 Nxe5 12. Nd4 g6 13. Rf4 Ne4 14. Nxe4 dxe4 15.
Qf1 O-O 16. Bd2 Qc7 17. Bc3 Bg5 18. Kh1 Nd7 19. Rxf7 Rxf7 20. Bc4 Ne5 21. Bb3
Nf3 22. gxf3 exf3 23. Qf2 Bxe3 24. Qxe3 f2+ 25. Nf3 Qc5 26. Bxf7+ Kxf7 27. Qf4+
Kg8 28. Qf6 Bxf3+ 29. Qxf3 Rf8 30. Qg2 g5 31. Rf1 a5 32. Qe4 Qc8 33. Qd5+ Rf7
34. Rxf2 Qb7 35. Qxb7 Rxb7 36. Rf6 b5 37. axb5 Rxb5 38. h3 1-0

[Event "Col Ch "]
[Site "Ibague "]
[Date "2013.07.05"]
[Round "7.65"]
[White "Manrique, Fernando"]
[Black "Cuervo, Alexander"]
[Result "1/2-1/2"]
[WhiteElo "1991"]
[BlackElo "1801"]
[PlyCount "107"]
[EventDate "2013.07.01"]
[EventType "swiss"]
[EventRounds "11"]
[EventCountry "COL"]
[SourceDate "2005.09.12"]

1. e4 c5 2. Nf3 Nc6 3. d4 cxd4 4. Nxd4 e5 5. Nb5 d6 6. N1c3 a6 7. Na3 Nf6 8.
Nc4 Be6 9. Ne3 Be7 10. Ned5 O-O 11. Bc4 b5 12. Nxf6+ Bxf6 13. Bd5 Rc8 14. a3
Nd4 15. Be3 Bxd5 16. Bxd4 Bc4 17. Be3 Qc7 18. h4 a5 19. Bg5 Bxg5 20. hxg5 g6
21. Rc1 Qe7 22. Qg4 f6 23. gxf6 Qxf6 24. f3 b4 25. axb4 axb4 26. Nd5 Bxd5 27.
exd5 b3 28. c4 Qf4 29. Qxf4 Rxf4 30. c5 dxc5 31. Kd2 Rd4+ 32. Kc3 Rxd5 33. Kxb3
Rd3+ 34. Rc3 Rd2 35. Rc2 c4+ 36. Rxc4 Rxb2+ 37. Kxb2 Rxc4 38. Kb3 Rf4 39. Re1
Rf5 40. Kc4 Kg7 41. Kd5 Kf6 42. Kd6 h5 43. Re3 g5 44. Re4 h4 45. Kd5 h3 46.
gxh3 Rxf3 47. h4 gxh4 48. Rxh4 Rd3+ 49. Kc4 Rd8 50. Kc3 Kg5 51. Ra4 Kf5 52. Kc2
e4 53. Ra1 e3 54. Rd1 1/2-1/2

[Event "Col Ch "]
[Site "Ibague "]
[Date "2013.07.05"]
[Round "7.66"]
[White "Gamboa, Jose Pompilio"]
[Black "Acosta Cubides, Jorian Jared"]
[Result "0-1"]
[WhiteElo "1778"]
[BlackElo "1971"]
[PlyCount "104"]
[EventDate "2013.07.01"]
[EventType "swiss"]
[EventRounds "11"]
[EventCountry "COL"]
[SourceDate "2005.09.12"]

1. e4 c5 2. Nc3 d6 3. Nf3 Nf6 4. h3 e6 5. d4 cxd4 6. Nxd4 Nc6 7. Nf3 Be7 8. Bb5
Bd7 9. O-O a6 10. Be2 O-O 11. a3 Rc8 12. Be3 b5 13. Qd2 Na5 14. Bg5 Bc6 15.
Rad1 Bb7 16. Bd3 Nc4 17. Qc1 Nxa3 18. e5 Bxf3 19. gxf3 Nd7 20. Bxe7 Qxe7 21.
exd6 Qf6 22. Ne4 Qxf3 23. Ng5 Qh5 24. Bxh7+ Kh8 25. Be4 Nc4 26. Rd3 Rcd8 27.
Rfd1 Nxb2 28. Nxf7+ Qxf7 29. Qxb2 Qxf2+ 30. Kh1 Nc5 31. Rg1 Qf6 32. Qb4 Nxd3
33. cxd3 Qh4 34. Kh2 Rf2+ 35. Rg2 Qf4+ 36. Kh1 Rf1+ 37. Rg1 Rxg1+ 38. Kxg1 Qxd6
39. Qe1 Qf4 40. Qe2 Qg3+ 41. Bg2 Qxd3 42. Qxe6 Qd1+ 43. Kf2 Qd4+ 44. Ke1 Qg1+
45. Bf1 Qg3+ 46. Ke2 Qd3+ 47. Kf2 Rf8+ 48. Kg2 Qxf1+ 49. Kh2 Rf2+ 50. Kg3 Qg1+
51. Kh4 Rf4+ 52. Kh5 Qc5+ 0-1

[Event "Col Ch "]
[Site "Ibague "]
[Date "2013.07.05"]
[Round "7.67"]
[White "Cuevas Sanchez, Bramdon Daniel"]
[Black "Piraquive, Alberto"]
[Result "0-1"]
[WhiteElo "1769"]
[BlackElo "1945"]
[PlyCount "82"]
[EventDate "2013.07.01"]
[EventType "swiss"]
[EventRounds "11"]
[EventCountry "COL"]
[SourceDate "2005.09.12"]

1. e4 c6 2. d4 d5 3. Nd2 dxe4 4. Nxe4 Bf5 5. Ng3 Bg6 6. Nf3 Nd7 7. Bc4 e6 8.
Bf4 Ngf6 9. O-O Be7 10. c3 Nb6 11. Bb3 O-O 12. Re1 Nh5 13. Nxh5 Bxh5 14. Qd3 c5
15. Bc2 Bg6 16. Qe2 Nd5 17. Bg3 Bxc2 18. Qxc2 Rc8 19. Rad1 Qb6 20. Qe2 cxd4 21.
Rxd4 Bf6 22. Rdd1 Rfd8 23. Be5 Bxe5 24. Nxe5 h6 25. Rd2 Nf6 26. Red1 Rxd2 27.
Qxd2 Qa5 28. Nd7 Nd5 29. b4 Qc7 30. Nc5 b6 31. Ne4 Nxc3 32. Nxc3 Qxc3 33. Qd7
Rc7 34. Qd8+ Kh7 35. h3 Qe5 36. Qd3+ Kg8 37. Qb1 g6 38. Qd3 Rc3 39. Qd8+ Kg7
40. a4 Rc4 41. Qe7 Qc7 0-1